Vegas Expansion Draft - Statistics

General Stats
  • This quiz has been taken 38 times
  • The average score is 6 of 30
Answer Stats
Team Answer % Correct
Pittsburgh Penguins Marc-Andre Fleury
91%
Florida Panthers Jonathan Marchessault
83%
Columbus Blue Jackets William Karlsson
71%
Los Angeles Kings Brayden McNabb
37%
Nashville Predators James Neal
29%
Minnesota Wild Erik Haula
26%
Boston Bruins Colin Miller
23%
St. Louis Blues David Perron
23%
Calgary Flames Deryk Engelland
20%
Buffalo Sabres William Carrier
20%
Washington Capitals Nate Schmidt
17%
Montréal Canadiens Alexei Emelin
14%
Vancouver Canucks Luca Sbisa
14%
Toronto Maple Leafs Brendan Leipsic
11%
Dallas Stars Cody Eakin
11%
Philadelphia Flyers Pierre-Edouard Bellemare
11%
Detroit Red Wings Tomas Nosek
11%
Colorado Avalanche Calvin Pickard
9%
Anaheim Ducks Clayton Stoner
9%
New Jersey Devils Jon Merrill
9%
Winnipeg Jets Chris Thorburn
6%
Edmonton Oilers Griffin Reinhart
6%
Tampa Bay Lightning Jason Garrison
6%
Ottawa Senators Marc Methot
6%
New York Rangers Oscar Lindberg
6%
Carolina Hurricanes Connor Brickley
3%
San Jose Sharks David Schlemko
3%
New York Islanders Jean-Francois Berube
3%
Chicago Blackhawks Trevor van Riemsdyk
3%
Arizona Coyotes Teemu Pulkkinen
0%
No matching quizzes found
Score Distribution
Percent of People with Each Score
Percentile by Number Answered
Your Score History
You have not taken this quiz